5HLuxD.jpg

KING HENRY VIII SENIOR AND PRIMARY SCHOOL LIBRARY OPAC

Divergent / (Record no. 21)

000 -LEADER
fixed length control field 00968nam a22003491i 4500
001 - CONTROL NUMBER
control field 020526689
003 - CONTROL NUMBER IDENTIFIER
control field UkOxU
005 - DATE AND TIME OF LATEST TRANSACTION
control field 20190724083202.0
008 - FIXED-LENGTH DATA ELEMENTS--GENERAL INFORMATION
fixed length control field 151022r20162011enk j 000|f|eng|d
015 ## - NATIONAL BIBLIOGRAPHY NUMBER
National bibliography number GBB5F4441
Source bnb
016 7# - NATIONAL BIBLIOGRAPHIC AGENCY CONTROL NUMBER
Record control number 017593723
Source Uk
020 ## - INTERNATIONAL STANDARD BOOK NUMBER
International Standard Book Number 9780008167905 (pbk.) :
035 ## - SYSTEM CONTROL NUMBER
System control number (Uk)017593723
040 ## - CATALOGING SOURCE
Original cataloging agency StDuBDS
Language of cataloging eng
Description conventions rda
Transcribing agency StDuBDS
Modifying agency Uk
042 ## - AUTHENTICATION CODE
Authentication code ukblsr
082 04 - DEWEY DECIMAL CLASSIFICATION NUMBER
Classification number FIC ROT
Edition number 23
100 1# - MAIN ENTRY--PERSONAL NAME
Personal name Roth, Veronica,
Relator term author.
245 10 - TITLE STATEMENT
Title Divergent /
Statement of responsibility, etc. Veronica Roth.
264 #1 - PRODUCTION, PUBLICATION, DISTRIBUTION, MANUFACTURE, AND COPYRIGHT NOTICE
Place of production, publication, distribution, manufacture London :
Name of producer, publisher, distributor, manufacturer HarperCollins Children's Books,
Date of production, publication, distribution, manufacture, or copyright notice 2016.
300 ## - PHYSICAL DESCRIPTION
Extent 487 pages ;
Dimensions 20 cm.
336 ## - CONTENT TYPE
Content type term text
Source rdacontent
337 ## - MEDIA TYPE
Media type term unmediated
Source rdamedia
338 ## - CARRIER TYPE
Carrier type term volume
Source rdacarrier
490 0# - SERIES STATEMENT
Series statement The divergent trilogy
500 ## - GENERAL NOTE
General note Film tie-in.
500 ## - GENERAL NOTE
General note Originally published: 2011.
500 ## - GENERAL NOTE
General note Formerly CIP.
Institution to which field applies Uk
655 #0 - INDEX TERM--GENRE/FORM
Genre/form data or focus term Dystopias.
655 #0 - INDEX TERM--GENRE/FORM
Genre/form data or focus term Young adult fiction.
942 ## - ADDED ENTRY ELEMENTS (KOHA)
Source of classification or shelving scheme
Koha item type Books - Fiction
Holdings
Withdrawn status Lost status Source of classification or shelving scheme Damaged status Not for loan Collection code Permanent Location Current Location Shelving location Date acquired Total Checkouts Total Renewals Full call number Barcode Date last seen Date last checked out Price effective from Koha item type
          Fiction KH8 Senior School Library KH8 Senior School Library Fiction 2019-07-24 6 2 FIC ROT 3KHSL000101261 2025-06-19 2020-09-22 2019-07-24 Books - Fiction

Powered By KH8 IT Dept